| 000 | 00482nam a2200181 4500 | ||
|---|---|---|---|
| 001 | 3981 | ||
| 005 | 20181127172332.0 | ||
| 010 | 0 | 0 | _a |
| 020 | 0 | 0 | _a9789350711095 |
| 090 | 0 | 0 | _a657.95 S4568f 2012 |
| 100 | 0 | 0 | _aSehgal, Ashok. |
| 245 | 0 | 0 |
_aFundamentals of corporate accounting / _b _cAshok Sehgal. _h |
| 250 | 0 | 0 | _a3rd edition. |
| 260 | 0 | 0 |
_aNew Delhi : _bTaxman Publication Pvt. Ltd, _c2012. |
| 300 | 0 | 0 | _a1 v. (various pagings). |
| 500 | 0 | 0 | _a |
| 650 | 0 | 0 |
_aCorporations --Accounting. _x |
| 999 |
_c3248 _d3248 |
||